LEADER 01002nam 2200385 450 001 990002927210203316 005 20070517154630.0 010 $a971-130-041-9 035 $a000292721 035 $aUSA01000292721 035 $a(ALEPH)000292721USA01 035 $a000292721 100 $a20070517d1980----km-y0itay50------ba 101 $akis 102 $aKI 105 $a||||||||001yy 200 1 $aBiblia 210 $a[s.l.]$cPhilippine Bible Societies$d[c1980] 215 $a1. v. (varie sequenze)$d24 cm 300 $aTesto in Tagalog 300 $asulla cop. : Tagalog popular version 410 0$12001 454 1$12001 461 1$1001-------$12001 500 11$aBibbia$955323 676 $a220 801 0$aIT$bsalbc$gISBD 912 $a990002927210203316 951 $aII.2. 4610$b184849 LM$cII.2. 959 $aBK 969 $aUMA 979 $aVITALE$b90$c20070517$lUSA01$h1544 979 $aVITALE$b90$c20070517$lUSA01$h1546 996 $aBibbia$955323 997 $aUNISA LEADER 00814nam0-22003131i-450- 001 990008106480403321 005 20050520100602.0 010 $a88-370-2987-X 035 $a000810648 035 $aFED01000810648 035 $a(Aleph)000810648FED01 035 $a000810648 100 $a20050505d2005----km-y0itay50------ba 101 0 $aita 102 $aIT 105 $a--------001yy 200 1 $a<>Trecento$fSandra Baragli 210 $aMilano$cMondadori Electa$dc2005 215 $a383 p.$cill.$d20 cm 225 1 $a<>secoli dell'arte 610 0 $aArte$aSec. 14. 700 1$aBaragli,$bSandra$0286342 801 0$aIT$bUNINA$gRICA$2UNIMARC 901 $aBK 912 $a990008106480403321 952 $aCONS A 86$b15534$fFARBC 959 $aFARBC 996 $aTrecento$9757435 997 $aUNINA LEADER 04395nam 2200817Ia 450 001 9910809100103321 005 20250322110037.0 010 $a9780814785737 010 $a0814785735 010 $a9780814785713 010 $a0814785719 024 7 $a10.18574/9780814785737 035 $a(CKB)2560000000052750 035 $a(EBL)865998 035 $a(OCoLC)779828347 035 $a(SSID)ssj0000467714 035 $a(PQKBManifestationID)11290585 035 $a(PQKBTitleCode)TC0000467714 035 $a(PQKBWorkID)10489814 035 $a(PQKB)10109160 035 $a(StDuBDS)EDZ0001323742 035 $a(OCoLC)694145279 035 $a(MdBmJHUP)muse4912 035 $a(DE-B1597)548164 035 $a(DE-B1597)9780814785737 035 $a(Au-PeEL)EBL865998 035 $a(CaPaEBR)ebr10425206 035 $a(Perlego)720101 035 $a(MiAaPQ)EBC865998 035 $a(ODN)ODN0001190489 035 $a(EXLCZ)992560000000052750 100 $a20100610d2010 uy 0 101 0 $aeng 135 $aur|n|---||||| 181 $ctxt 182 $cc 183 $acr 200 00$aCivil War citizens $erace, ethnicity, and identity in America's bloodiest conflict /$fedited by Susannah J. Ural 210 $aNew York $cNew York University Press$dc2010 210 1$aNew York, NY :$cNew York University Press,$d[2010] 210 4$d©2010 215 $a1 online resource (249 p.) 300 $aIncludes index. 311 08$a0-8147-8569-7 311 08$a0-8147-8570-0 320 $aIncludes bibliographical references and index. 327 $tFrontmatter --$tContents --$tIntroduction --$t1. Yankee Dutchmen --$t2. ?With More Freedom and Independence Than the Yankees? --$t3. ?Ye Sons of Green Erin Assemble? --$t4. Irish Rebels, Southern Rebels --$t5. The Jewish Confederates --$t6. Native Americans in the Civil War --$t7. The African American Struggle for Citizenship Rights in the Northern United States during the Civil War --$tAbout the Contributors --$tIndex 330 $aAt its core, the Civil War was a conflict over the meaning of citizenship. Most famously, it became a struggle over whether or not to grant rights to a group that stood outside the pale of civil-society: African Americans. But other groups--namely Jews, Germans, the Irish, and Native Americans--also became part of this struggle to exercise rights stripped from them by legislation, court rulings, and the prejudices that defined the age.Grounded in extensive research by experts in their respective fields, Civil War Citizens is the first volume to collectively analyze the wartime experiences of those who lived outside the dominant white, Anglo-Saxon Protestant citizenry of nineteenth-century America. The essays examine the momentous decisions made by these communities in the face of war, their desire for full citizenship, the complex loyalties that shaped their actions, and the inspiring and heartbreaking results of their choices-- choices that still echo through the United States today. Contributors: Stephen D. Engle, William McKee Evans, David T. Gleeson, Andrea Mehrländer, Joseph P. Reidy, Robert N. Rosen, and Susannah J. Ural. 606 $aMinorities$zUnited States$xSocial conditions$y19th century 606 $aImmigrants$zUnited States$xSocial conditions$y19th century 607 $aUnited States$xHistory$yCivil War, 1861-1865$xParticipation, Immigrant 607 $aUnited States$xHistory$yCivil War, 1861-1865$xParticipation, German American 607 $aUnited States$xHistory$yCivil War, 1861-1865$xParticipation, Irish American 607 $aUnited States$xHistory$yCivil War, 1861-1865$xParticipation, Jewish 607 $aUnited States$xHistory$yCivil War, 1861-1865$xParticipation, Indian 607 $aUnited States$xHistory$yCivil War, 1861-1865$xParticipation, African American 607 $aUnited States$xHistory$yCivil War, 1861-1865$xSocial aspects 607 $aUnited States$xSocial conditions$y19th century 615 0$aMinorities$xSocial conditions 615 0$aImmigrants$xSocial conditions 676 $a973.7/1 686 $a15.85$2bcl 686 $a74.94$2bcl 701 $aUral$b Susannah J$01655159 801 0$bMiAaPQ 801 1$bMiAaPQ 801 2$bMiAaPQ 906 $aBOOK 912 $a9910809100103321 996 $aCivil War citizens$94007420 997 $aUNINA